000 00294nam a22001337a 4500
008 181008b xxu||||| |||| 00| 0 eng d
020 _a9781560531081
041 _aeng
080 _a616.12-008
100 _a7
101 _aKAR
245 _aUrology Secrets
_cResnick,M.I
942 _2udc
_cBK
999 _c48985
_d48985